[Event "ODJM A 2024"]
[Site "Willingen GER"]
[Date "2024.05.22"]
[Round "5"]
[White "Kieselbach, Marvin"]
[Black "Schulz, Tim"]
[Result "0-1"]
[Termination "normal"]
[Board "32"]
[WhiteElo "1887"]
[BlackElo "1850"]
[WhiteClock "00:04:01"]
[BlackClock "00:04:06"]
[PlyCount "76"]
[WhiteFideId "16235770"]
[BlackFideId "34629165"]
[EventCountry "GER"]
[EventRounds "9"]
[EventType "swiss"]
[EventDate "2024.05.18"]

1. e4 {[%clk 01:30:41]} {[%emt 00:00:19]} c5 {[%clk 01:30:55]} {[%emt
00:00:06]} 2. Nf3 {[%clk 01:30:58]} {[%emt 00:00:12]} d6 {[%clk 01:31:10]}
{[%emt 00:00:15]} 3. d4 {[%clk 01:31:04]} {[%emt 00:00:24]} cxd4 {[%clk
01:31:34]} {[%emt 00:00:06]} 4. Nxd4 {[%clk 01:31:29]} {[%emt 00:00:06]} Nf6
{[%clk 01:31:59]} {[%emt 00:00:04]} 5. Nc3 {[%clk 01:31:31]} {[%emt 00:00:28]}
a6 {[%clk 01:32:18]} {[%emt 00:00:11]} 6. h4 {[%clk 01:30:23]} {[%emt
00:01:38]} e5 {[%clk 01:29:45]} {[%emt 00:03:02]} 7. Nb3 {[%clk 01:30:13]}
{[%emt 00:00:41]} Be7 {[%clk 01:28:55]} {[%emt 00:01:19]} 8. Be2 {[%clk
01:28:06]} {[%emt 00:02:37]} h5 {[%clk 01:25:20]} {[%emt 00:04:05]} 9. Bg5
{[%clk 01:28:14]} {[%emt 00:00:23]} Be6 {[%clk 01:22:56]} {[%emt 00:02:54]} 10.
Bxf6 {[%clk 01:27:25]} {[%emt 00:01:19]} Bxf6 {[%clk 01:19:49]} {[%emt
00:03:37]} 11. g3 {[%clk 01:21:50]} {[%emt 00:06:05]} g6 {[%clk 01:16:33]}
{[%emt 00:03:46]} 12. Qd2 {[%clk 01:20:57]} {[%emt 00:01:22]} Nc6 {[%clk
01:12:23]} {[%emt 00:04:41]} 13. O-O-O {[%clk 01:20:02]} {[%emt 00:01:25]} Nd4
{[%clk 01:08:09]} {[%emt 00:04:43]} 14. Nxd4 {[%clk 01:18:54]} {[%emt
00:01:39]} exd4 {[%clk 01:08:27]} {[%emt 00:00:12]} 15. Nd5 {[%clk 01:19:08]}
{[%emt 00:00:15]} Bxd5 {[%clk 01:08:16]} {[%emt 00:00:41]} 16. exd5 {[%clk
01:19:25]} {[%emt 00:00:13]} Qb6 {[%clk 01:07:26]} {[%emt 00:01:20]} 17. Bd3
{[%clk 01:15:26]} {[%emt 00:04:29]} Rc8 {[%clk 01:00:12]} {[%emt 00:07:45]} 18.
Kb1 {[%clk 01:11:32]} {[%emt 00:04:24]} Kf8 {[%clk 00:56:35]} {[%emt 00:04:06]}
19. g4 {[%clk 00:35:13]} {[%emt 00:36:49]} hxg4 {[%clk 00:50:19]} {[%emt
00:06:47]} 20. Qf4 {[%clk 00:35:19]} {[%emt 00:00:24]} Qd8 {[%clk 00:42:39]}
{[%emt 00:08:10]} 21. Qxg4 {[%clk 00:32:05]} {[%emt 00:03:44]} Rh5 {[%clk
00:40:21]} {[%emt 00:02:47]} 22. Rh3 {[%clk 00:26:55]} {[%emt 00:05:40]} Rxd5
{[%clk 00:30:59]} {[%emt 00:09:52]} 23. Rf3 {[%clk 00:27:06]} {[%emt 00:00:19]}
Rc7 {[%clk 00:24:16]} {[%emt 00:07:14]} 24. Rh1 {[%clk 00:23:16]} {[%emt
00:04:19]} Re5 {[%clk 00:19:51]} {[%emt 00:04:55]} 25. a3 {[%clk 00:21:41]}
{[%emt 00:02:06]} Ke7 {[%clk 00:17:57]} {[%emt 00:02:24]} 26. Qxd4 {[%clk
00:20:09]} {[%emt 00:02:03]} Re6 {[%clk 00:11:35]} {[%emt 00:06:52]} 27. Qf4
{[%clk 00:20:15]} {[%emt 00:00:23]} Rc5 {[%clk 00:11:21]} {[%emt 00:00:44]} 28.
Ka2 {[%clk 00:16:25]} {[%emt 00:04:17]} Qb6 {[%clk 00:10:20]} {[%emt 00:01:35]}
29. Qb4 {[%clk 00:14:53]} {[%emt 00:02:01]} Qxb4 {[%clk 00:08:43]} {[%emt
00:02:07]} 30. axb4 {[%clk 00:15:22]} {[%emt 00:00:01]} Rh5 {[%clk 00:08:58]}
{[%emt 00:00:15]} 31. Rf4 {[%clk 00:12:02]} {[%emt 00:03:50]} g5 {[%clk
00:07:46]} {[%emt 00:01:41]} 32. Rc4 {[%clk 00:09:51]} {[%emt 00:02:41]} b5
{[%clk 00:07:04]} {[%emt 00:01:11]} 33. Rc7+ {[%clk 00:09:27]} {[%emt
00:00:55]} Kf8 {[%clk 00:06:00]} {[%emt 00:01:34]} 34. Bf5 {[%clk 00:07:25]}
{[%emt 00:02:33]} Re5 {[%clk 00:04:39]} {[%emt 00:01:51]} 35. hxg5 {[%clk
00:03:22]} {[%emt 00:04:33]} Rxh1 {[%clk 00:04:04]} {[%emt 00:01:04]} 36. gxf6
{[%clk 00:03:48]} {[%emt 00:00:05]} Rh6 {[%clk 00:03:41]} {[%emt 00:00:54]} 37.
Rc8+ {[%clk 00:03:59]} {[%emt 00:00:19]} Re8 {[%clk 00:04:01]} {[%emt
00:00:09]} 38. Rc6 {[%clk 00:04:01]} {[%emt 00:00:27]} Rxf6 {[%clk 00:04:06]}
{[%emt 00:00:26]} 0-1

[Event "ODJM A 2024"]
[Site "Willingen GER"]
[Date "2024.05.22"]
[Round "5"]
[White "Berelowitsch, Dana"]
[Black "Möller, Tom"]
[Result "0-1"]
[Termination "normal"]
[Board "33"]
[WhiteElo "1906"]
[BlackElo "1902"]
[WhiteClock "00:10:08"]
[BlackClock "00:18:07"]
[PlyCount "54"]
[WhiteFideId "12977144"]
[BlackFideId "16287215"]
[EventCountry "GER"]
[EventRounds "9"]
[EventType "swiss"]
[EventDate "2024.05.18"]

1. e4 {[%clk 01:30:58]} {[%emt 00:00:01]} c5 {[%clk 01:30:54]} {[%emt
00:00:07]} 2. Nf3 {[%clk 01:31:22]} {[%emt 00:00:05]} e6 {[%clk 01:31:19]}
{[%emt 00:00:05]} 3. d4 {[%clk 01:31:46]} {[%emt 00:00:06]} cxd4 {[%clk
01:31:46]} {[%emt 00:00:03]} 4. Nxd4 {[%clk 01:32:10]} {[%emt 00:00:06]} Nc6
{[%clk 01:32:13]} {[%emt 00:00:03]} 5. Be3 {[%clk 01:28:41]} {[%emt 00:03:59]}
Qc7 {[%clk 01:32:08]} {[%emt 00:00:35]} 6. Bd3 {[%clk 01:23:11]} {[%emt
00:06:00]} a6 {[%clk 01:27:02]} {[%emt 00:05:36]} 7. O-O {[%clk 01:19:48]}
{[%emt 00:03:53]} b5 {[%clk 01:24:00]} {[%emt 00:03:32]} 8. Nd2 {[%clk
01:15:41]} {[%emt 00:04:37]} Bb7 {[%clk 01:22:26]} {[%emt 00:02:04]} 9. f4
{[%clk 01:12:25]} {[%emt 00:03:46]} Nf6 {[%clk 01:19:00]} {[%emt 00:03:55]} 10.
Qe2 {[%clk 01:07:30]} {[%emt 00:05:26]} Rc8 {[%clk 01:15:33]} {[%emt 00:03:57]}
11. N2f3 {[%clk 01:04:48]} {[%emt 00:03:13]} Bc5 {[%clk 00:59:03]} {[%emt
00:17:00]} 12. Kh1 {[%clk 00:57:48]} {[%emt 00:07:29]} Nxd4 {[%clk 00:56:00]}
{[%emt 00:03:34]} 13. Bxd4 {[%clk 00:56:38]} {[%emt 00:01:40]} Qxf4 {[%clk
00:49:31]} {[%emt 00:06:58]} 14. Bxc5 {[%clk 00:49:51]} {[%emt 00:07:18]} Rxc5
{[%clk 00:49:42]} {[%emt 00:00:18]} 15. Qf2 {[%clk 00:44:45]} {[%emt 00:05:37]}
d6 {[%clk 00:44:59]} {[%emt 00:05:13]} 16. b4 {[%clk 00:38:15]} {[%emt
00:07:00]} Rc8 {[%clk 00:23:54]} {[%emt 00:21:35]} 17. Qa7 {[%clk 00:31:07]}
{[%emt 00:07:38]} Bxe4 {[%clk 00:21:40]} {[%emt 00:02:44]} 18. Bxe4 {[%clk
00:29:51]} {[%emt 00:01:46]} Qxe4 {[%clk 00:21:11]} {[%emt 00:00:59]} 19. Qxa6
{[%clk 00:20:04]} {[%emt 00:10:17]} O-O {[%clk 00:21:30]} {[%emt 00:00:11]} 20.
Qxb5 {[%clk 00:16:56]} {[%emt 00:03:38]} Rb8 {[%clk 00:20:00]} {[%emt
00:02:00]} 21. Qa6 {[%clk 00:15:07]} {[%emt 00:02:19]} Qxb4 {[%clk 00:20:15]}
{[%emt 00:00:15]} 22. Rfd1 {[%clk 00:11:53]} {[%emt 00:03:44]} Ne4 {[%clk
00:18:49]} {[%emt 00:01:57]} 23. Rf1 {[%clk 00:11:15]} {[%emt 00:01:08]} d5
{[%clk 00:18:30]} {[%emt 00:00:49]} 24. Ne5 {[%clk 00:11:07]} {[%emt 00:00:38]}
Qd4 {[%clk 00:17:31]} {[%emt 00:01:28]} 25. Nc6 {[%clk 00:10:30]} {[%emt
00:01:09]} Nf2+ {[%clk 00:17:16]} {[%emt 00:00:44]} 26. Kg1 {[%clk 00:09:44]}
{[%emt 00:01:17]} Nh3+ {[%clk 00:17:40]} {[%emt 00:00:06]} 27. Kh1 {[%clk
00:10:08]} {[%emt 00:00:06]} Qg1+ {[%clk 00:18:07]} {[%emt 00:00:03]} 0-1

[Event "ODJM A 2024"]
[Site "Willingen GER"]
[Date "2024.05.22"]
[Round "5"]
[White "Andresen, Marc"]
[Black "Klahold, Rona"]
[Result "0-1"]
[Termination "normal"]
[Board "34"]
[WhiteElo "1879"]
[BlackElo "1779"]
[WhiteClock "00:09:08"]
[BlackClock "00:06:41"]
[PlyCount "148"]
[WhiteFideId "16233719"]
[BlackFideId "16222970"]
[EventCountry "GER"]
[EventRounds "9"]
[EventType "swiss"]
[EventDate "2024.05.18"]

1. e4 {[%clk 01:30:56]} {[%emt 00:00:03]} f6 {[%clk 01:30:52]} {[%emt
00:00:08]} 2. d4 {[%clk 01:30:49]} {[%emt 00:00:37]} g6 {[%clk 01:31:15]}
{[%emt 00:00:07]} 3. Nf3 {[%clk 01:30:53]} {[%emt 00:00:26]} Nh6 {[%clk
01:31:34]} {[%emt 00:00:11]} 4. Bc4 {[%clk 01:29:04]} {[%emt 00:02:19]} Bg7
{[%clk 01:30:34]} {[%emt 00:01:30]} 5. Nc3 {[%clk 01:24:48]} {[%emt 00:04:46]}
d6 {[%clk 01:29:42]} {[%emt 00:01:22]} 6. h3 {[%clk 01:18:56]} {[%emt
00:06:22]} e5 {[%clk 01:27:43]} {[%emt 00:02:30]} 7. dxe5 {[%clk 01:17:39]}
{[%emt 00:01:47]} dxe5 {[%clk 01:24:43]} {[%emt 00:03:30]} 8. Qxd8+ {[%clk
01:09:37]} {[%emt 00:08:31]} Kxd8 {[%clk 01:25:11]} {[%emt 00:00:02]} 9. Be3
{[%clk 01:09:59]} {[%emt 00:00:08]} c6 {[%clk 01:21:03]} {[%emt 00:04:38]} 10.
O-O-O+ {[%clk 01:02:52]} {[%emt 00:07:37]} Kc7 {[%clk 01:19:54]} {[%emt
00:01:38]} 11. g4 {[%clk 01:00:12]} {[%emt 00:03:10]} b5 {[%clk 01:12:44]}
{[%emt 00:07:41]} 12. Bb3 {[%clk 00:51:21]} {[%emt 00:09:21]} Nxg4 {[%clk
01:02:46]} {[%emt 00:10:28]} 13. hxg4 {[%clk 00:45:22]} {[%emt 00:06:29]} Bxg4
{[%clk 00:58:41]} {[%emt 00:04:35]} 14. Rdg1 {[%clk 00:45:48]} {[%emt
00:00:05]} Bxf3 {[%clk 00:58:04]} {[%emt 00:01:06]} 15. Rh3 {[%clk 00:45:26]}
{[%emt 00:00:52]} b4 {[%clk 00:57:37]} {[%emt 00:00:57]} 16. Na4 {[%clk
00:40:36]} {[%emt 00:05:20]} Bxe4 {[%clk 00:55:16]} {[%emt 00:02:51]} 17. Nc5
{[%clk 00:40:28]} {[%emt 00:00:38]} Bf5 {[%clk 00:55:03]} {[%emt 00:00:43]} 18.
Rf3 {[%clk 00:39:20]} {[%emt 00:01:39]} Bf8 {[%clk 00:53:42]} {[%emt 00:01:50]}
19. Rxf5 {[%clk 00:23:12]} {[%emt 00:16:38]} Bxc5 {[%clk 00:42:18]} {[%emt
00:11:54]} 20. Rxf6 {[%clk 00:22:40]} {[%emt 00:01:02]} Bxe3+ {[%clk 00:39:14]}
{[%emt 00:03:34]} 21. fxe3 {[%clk 00:23:08]} {[%emt 00:00:01]} Na6 {[%clk
00:33:51]} {[%emt 00:05:54]} 22. Rf7+ {[%clk 00:23:12]} {[%emt 00:00:25]} Kb6
{[%clk 00:34:00]} {[%emt 00:00:22]} 23. Rh1 {[%clk 00:23:22]} {[%emt 00:00:20]}
Nc5 {[%clk 00:19:19]} {[%emt 00:15:11]} 24. Bc4 {[%clk 00:23:38]} {[%emt
00:00:15]} h5 {[%clk 00:18:02]} {[%emt 00:01:46]} 25. Rg7 {[%clk 00:22:22]}
{[%emt 00:01:45]} Rh6 {[%clk 00:13:58]} {[%emt 00:04:35]} 26. Bf7 {[%clk
00:18:58]} {[%emt 00:03:54]} h4 {[%clk 00:12:55]} {[%emt 00:01:33]} 27. Rxg6
{[%clk 00:15:52]} {[%emt 00:03:36]} Rxg6 {[%clk 00:12:49]} {[%emt 00:00:37]}
28. Bxg6 {[%clk 00:16:20]} {[%emt 00:00:01]} Rh8 {[%clk 00:13:09]} {[%emt
00:00:09]} 29. Kd2 {[%clk 00:14:54]} {[%emt 00:01:57]} h3 {[%clk 00:12:12]}
{[%emt 00:01:27]} 30. Bf5 {[%clk 00:15:02]} {[%emt 00:00:22]} h2 {[%clk
00:12:34]} {[%emt 00:00:08]} 31. Ke2 {[%clk 00:15:20]} {[%emt 00:00:12]} Na4
{[%clk 00:12:46]} {[%emt 00:00:18]} 32. b3 {[%clk 00:13:52]} {[%emt 00:01:58]}
Nc3+ {[%clk 00:13:00]} {[%emt 00:00:16]} 33. Kf3 {[%clk 00:14:17]} {[%emt
00:00:04]} Kc5 {[%clk 00:11:15]} {[%emt 00:02:16]} 34. Kg3 {[%clk 00:12:33]}
{[%emt 00:02:15]} Nxa2 {[%clk 00:11:09]} {[%emt 00:00:41]} 35. Rxh2 {[%clk
00:11:01]} {[%emt 00:02:01]} Rxh2 {[%clk 00:11:14]} {[%emt 00:00:21]} 36. Kxh2
{[%clk 00:11:29]} Nc3 {[%clk 00:11:02]} {[%emt 00:00:41]} 37. Kg3 {[%clk
00:11:30]} {[%emt 00:00:30]} Kd5 {[%clk 00:09:32]} {[%emt 00:02:00]} 38. Kf3
{[%clk 00:05:38]} {[%emt 00:06:22]} c5 {[%clk 00:09:04]} {[%emt 00:00:59]} 39.
Bh7 {[%clk 00:04:45]} {[%emt 00:01:22]} a5 {[%clk 00:08:17]} {[%emt 00:01:18]}
40. Bg8+ {[%clk 00:02:19]} {[%emt 00:02:55]} Kd6 {[%clk 00:07:37]} {[%emt
00:01:09]} 41. Bc4 {[%clk 00:02:11]} {[%emt 00:00:38]} Ke7 {[%clk 00:24:43]}
{[%emt 00:13:25]} 42. Ba6 {[%clk 00:28:14]} {[%emt 00:04:27]} Ke6 {[%clk
00:23:29]} {[%emt 00:01:44]} 43. Bc8+ {[%clk 00:28:13]} {[%emt 00:00:31]} Kf6
{[%clk 00:23:41]} {[%emt 00:00:17]} 44. Ba6 {[%clk 00:28:34]} {[%emt 00:00:10]}
Kf5 {[%clk 00:23:48]} {[%emt 00:00:23]} 45. Bc8+ {[%clk 00:28:55]} {[%emt
00:00:08]} Kg5 {[%clk 00:23:56]} {[%emt 00:00:21]} 46. Ba6 {[%clk 00:24:54]}
{[%emt 00:04:32]} Kf6 {[%clk 00:21:19]} {[%emt 00:03:08]} 47. Bc8 {[%clk
00:25:00]} {[%emt 00:00:24]} c4 {[%clk 00:19:57]} {[%emt 00:01:52]} 48. Ba6
{[%clk 00:24:55]} {[%emt 00:00:34]} cxb3 {[%clk 00:20:10]} {[%emt 00:00:18]}
49. cxb3 {[%clk 00:25:19]} {[%emt 00:00:06]} Ke6 {[%clk 00:19:21]} {[%emt
00:01:19]} 50. Bc4+ {[%clk 00:25:35]} {[%emt 00:00:14]} Kd6 {[%clk 00:19:45]}
{[%emt 00:00:07]} 51. Bg8 {[%clk 00:24:50]} {[%emt 00:01:14]} a4 {[%clk
00:18:17]} {[%emt 00:01:58]} 52. bxa4 {[%clk 00:24:54]} {[%emt 00:00:26]} Nxa4
{[%clk 00:18:39]} {[%emt 00:00:07]} 53. Ke2 {[%clk 00:25:15]} {[%emt 00:00:09]}
Nc5 {[%clk 00:18:21]} {[%emt 00:00:49]} 54. Kd2 {[%clk 00:25:26]} {[%emt
00:00:19]} Ke7 {[%clk 00:17:51]} {[%emt 00:00:59]} 55. Ke2 {[%clk 00:25:04]}
{[%emt 00:00:52]} Kf6 {[%clk 00:17:55]} {[%emt 00:00:27]} 56. Bd5 {[%clk
00:25:09]} {[%emt 00:00:25]} Kg5 {[%clk 00:17:00]} {[%emt 00:04:17]} 57. Bc6
{[%clk 00:24:48]} {[%emt 00:00:03]} Kg4 {[%clk 00:16:45]} {[%emt 00:00:04]} 58.
Bd5 {[%clk 00:25:12]} Kg3 {[%clk 00:16:36]} {[%emt 00:00:04]} 59. Bc6 {[%clk
00:24:54]} {[%emt 00:00:05]} Kg4 {[%clk 00:08:04]} {[%emt 00:09:02]} 60. Bd5
{[%clk 00:25:11]} {[%emt 00:00:12]} Kf5 {[%clk 00:08:20]} {[%emt 00:00:14]} 61.
Kd2 {[%clk 00:23:19]} {[%emt 00:02:22]} Kf6 {[%clk 00:08:35]} {[%emt 00:00:15]}
62. Ke2 {[%clk 00:23:13]} {[%emt 00:00:36]} Ke7 {[%clk 00:08:59]} {[%emt
00:00:06]} 63. Kd2 {[%clk 00:23:28]} {[%emt 00:00:15]} Kd6 {[%clk 00:09:23]}
{[%emt 00:00:06]} 64. Bg8 {[%clk 00:19:43]} {[%emt 00:04:14]} Kc6 {[%clk
00:09:37]} {[%emt 00:00:17]} 65. Bc4 {[%clk 00:20:04]} {[%emt 00:00:08]} Kb6
{[%clk 00:09:57]} {[%emt 00:00:11]} 66. Kc2 {[%clk 00:20:01]} {[%emt 00:00:32]}
Ka5 {[%clk 00:09:59]} {[%emt 00:00:28]} 67. Kb2 {[%clk 00:16:27]} {[%emt
00:04:04]} Ka4 {[%clk 00:09:33]} {[%emt 00:00:57]} 68. Bd5 {[%clk 00:16:06]}
{[%emt 00:00:50]} b3 {[%clk 00:07:44]} {[%emt 00:02:18]} 69. Bf7 {[%clk
00:08:48]} {[%emt 00:09:19]} Kb4 {[%clk 00:08:00]} {[%emt 00:00:02]} 70. Bg6
{[%clk 00:09:12]} Na4+ {[%clk 00:07:18]} {[%emt 00:00:07]} 71. Kc1 {[%clk
00:09:15]} {[%emt 00:00:20]} Kc3 {[%clk 00:07:29]} {[%emt 00:00:18]} 72. Be8
{[%clk 00:08:56]} {[%emt 00:00:49]} Nb6 {[%clk 00:06:43]} {[%emt 00:01:17]} 73.
Bf7 {[%clk 00:09:05]} {[%emt 00:00:21]} Nc4 {[%clk 00:06:23]} {[%emt 00:00:51]}
74. e4 {[%clk 00:09:08]} {[%emt 00:00:26]} b2+ {[%clk 00:06:41]} {[%emt
00:00:11]} 0-1